| 000 | 00796cam a22002533a 4500 | ||
|---|---|---|---|
| 001 | 21391 | ||
| 003 | PGUSA | ||
| 005 | 20140828083445.0 | ||
| 008 | 070508s2007||||xxu|||||s|||||000 | eng d | ||
| 040 |
_aPGUSA _beng |
||
| 042 | _adc | ||
| 050 | 4 | _aDT | |
| 100 | 1 |
_aKingston, William Henry Giles, _d1814-1880 |
|
| 245 | 1 | 0 |
_aGreat African Travellers : _bFrom Mungo Park to Livingstone and Stanley _h[electronic resource] / _cWilliam Henry Giles Kingston |
| 260 |
_bProject Gutenberg, _c2007 |
||
| 506 | _aPublic domain in the USA. | ||
| 516 | _aElectronic text | ||
| 653 | _aAfrica -- Discovery and exploration | ||
| 653 | _aAfrica -- Description and travel | ||
| 653 | _aExplorers | ||
| 830 | 0 |
_aProject Gutenberg _v21391 |
|
| 856 | 4 | 0 | _uhttp://www.gutenberg.org/ebooks/21391 |
| 942 | _cEB | ||
| 999 |
_c250646 _d250646 |
||